| 000 | 00705nam a2200205 a 4500 | ||
|---|---|---|---|
| 001 | 000010701 | ||
| 005 | 20200929162257.0 | ||
| 008 | 091009s1987 mx d 001 0 spa d | ||
| 020 | _a9688801062 | ||
| 040 | _aDO-SdBNP | ||
| 082 |
_a621.38173 _bM875d |
||
| 100 | 1 |
_aMorris Mano, M. _925908 |
|
| 245 | 1 | 0 |
_aDiseño digital / _cM. Morris Mano ; editor José de Jesús Muñoz Zazueta ; traducción José C. Pecina Hernández. |
| 260 |
_aMéxico : _bPrentice-Hall Hispanoamericana, _c1987. |
||
| 300 |
_aix, 491 p. : _bdiagr. ; _c23 cm. |
||
| 650 | 4 |
_aFísica aplicada _925909 |
|
| 700 | 1 |
_aMuñoz Zazueta, Jesús Muñoz, _eed. _925910 |
|
| 700 | 1 |
_aPecina Hernández, José C., _etr. _925911 |
|
| 049 | _aBNPD | ||
| 999 |
_c10456 _d10456 |
||